Les pays les plus rencontrés par la France en compétition de football - Statistiques

Statistiques générales
  • Ce quiz a été pris 906 fois
  • Le résultat moyen est 12 sur 15
Statistiques - réponses
Nombre de rencontres Compétitions Pays % Correct
5 CdM 1958,CdM 1982,CdM 1986,CdM 2014,Euro 2016 Allemagne
97%
4 CdM 1958,CdM 1986,CdM 1998,CdM 2006 Brésil
96%
5 Euro 1984,Euro 1996,Euro 2000,CdM 2006,Euro 2012 Espagne
96%
7 CdM 1938,CdM 1978,CdM 1986,CdM 1998,Euro 2000,CdM 2006,Euro 2008 Italie
96%
4 Euro 1984,Euro 2000,CdM 2006,Euro 2016 Portugal
96%
5 CdM 1966,CdM 1982,Euro 1992,Euro 2004,Euro 2012 Angleterre
89%
4 Euro 2004,CdM 2006,CdM 2014,Euro 2016 Suisse
86%
5 Euro 1984,Euro 1992,CdM 1998,Euro 2000,CdM 2002 Danemark
83%
3 CdM 1938,Euro 1984,CdM 1986 Belgique
82%
3 Euro 1996,Euro 2000,Euro 2008 Pays-Bas
78%
3 CdM 1966,CdM 2002,CdM 2010 Uruguay
75%
4 CdM 1930,CdM 1954,CdM 1966,CdM 2010 Mexique
65%
3 Euro 1996,Euro 2008,Euro 2016 Roumanie
63%
4 CdM 1954,CdM 1958,Euro 1960,Euro 1984 Yougoslavie
52%
3 Euro 1960,Euro 1996,Euro 2000 République tchèque
42%
Aucun quiz correspondant
Distribution des résultats
% des personnes avec chaque résultat
Percentile par nombre de réponses
Votre historique - résultats
Vous n’avez pas pris ce quiz